[Event "SVK-chT3B2 2223"]
[Site "Slovakia"]
[Date "2022.12.04"]
[Round "3.5"]
[White "Kostelansky, Karol"]
[Black "Cernicky, Jan"]
[Result "1-0"]
[WhiteElo "1828"]
[BlackElo "1483"]
[PlyCount "59"]
[EventDate "2022.10.23"]
[EventType "team-tourn"]
[EventRounds "11"]
[EventCountry "SVK"]
[SourceTitle "EXT 2024"]
[Source "ChessBase"]
[SourceDate "2023.10.10"]
[SourceVersion "1"]
[SourceVersionDate "2023.10.10"]
[SourceQuality "1"]
[WhiteTeam "Povazske Podhradie II"]
[BlackTeam "Dubnica nad Vahom IV"]
[WhiteTeamCountry "SVK"]
[BlackTeamCountry "SVK"]

1. e4 b6 2. d4 Bb7 3. Nc3 e6 4. Nf3 Nf6 5. Bd3 Bb4 6. Qe2 Be7 7. Bf4 c5 8. 0-0-0 cxd4 9. Nxd4 Nc6 10. Nf3 d5 11. exd5 Nxd5 12. Nxd5 Qxd5 13. Kb1 Qc5 14. h4 h6 15. Ne5 Bf6 16. Ng4 Qd4 17. Nxf6+ Qxf6 18. Bd6 0-0-0 19. Be4 e5 20. Qg4+ Rd7 21. Bf5 Rhd8 22. Rhe1 g6 23. Bxd7+ Rxd7 24. Qxd7+ Kxd7 25. Bxe5+ Ke6 26. Rd6+ Ke7 27. Rxf6 Nxe5 28. Rf4 f6 29. Ra4 a6 30. f4 1-0

[Event "SVK-chT3B2 1920"]
[Site "Slovakia"]
[Date "2020.02.23"]
[Round "9.6"]
[White "Cernicky, Jan"]
[Black "Mazur, Mario1111"]
[Result "1/2-1/2"]
[WhiteElo "1559"]
[BlackElo "1608"]
[PlyCount "114"]
[EventDate "2019.10.06"]
[EventType "team-tourn"]
[EventRounds "11"]
[EventCountry "SVK"]
[SourceTitle "CBM 195 Extra"]
[Source "ChessBase"]
[SourceDate "2020.05.31"]
[SourceVersion "1"]
[SourceVersionDate "2020.05.31"]
[SourceQuality "1"]
[WhiteTeam "Dubnica nad Vahom IV"]
[BlackTeam "Belusa"]
[WhiteTeamCountry "SVK"]
[BlackTeamCountry "SVK"]

1. d4 Nf6 2. Bf4 d5 3. e3 Bf5 4. c3 e6 5. Nf3 Bd6 6. Bg3 Nbd7 7. Bd3 Bg6 8. Bxg6 hxg6 9. Nbd2 Bxg3 10. fxg3 c6 11. Qe2 Qc7 12. 0-0-0 0-0-0 13. e4 dxe4 14. Nxe4 Nxe4 15. Qxe4 Nf6 16. Qf4 Rh5 17. Qxc7+ Kxc7 18. Ne5 Rf8 19. g4 Rh7 20. Rdf1 g5 21. Rf3 Kd6 22. h3 c5 23. Kc2 cxd4 24. cxd4 Ke7 25. Rhf1 Rc8+ 26. Kd3 Rhh8 27. R3f2 Rhf8 28. Nf3 Nd5 29. Nxg5 Nb4+ 30. Ke4 f6 31. Nf3 Kd6 32. a3 f5+ 33. gxf5 exf5+ 34. Ke3 Rfe8+ 35. Ne5 Nd5+ 36. Kd3 f4 37. Nc4+ Rxc4 38. Kxc4 Ne3+ 39. Kd3 Nxf1 40. Rxf1 Re3+ 41. Kd2 g5 42. h4 Rg3 43. hxg5 Rxg5 44. Rxf4 Rxg2+ 45. Kc3 a5 46. a4 Rg1 47. Kc4 Rc1+ 48. Kb5 Rc2 49. b4 axb4 50. Kxb4 Kd5 51. Ka5 Rc6 52. Kb5 Rc1 53. Rh4 Rb1+ 54. Ka5 b6+ 55. Ka6 Rb4 56. a5 bxa5 57. Kxa5 Rxd4 1/2-1/2

[Event "SVK-chT3B2 1819"]
[Site "Slovakia"]
[Date "2018.11.25"]
[Round "3.2"]
[White "Marko, Anton"]
[Black "Cernicky, Jan"]
[Result "1-0"]
[WhiteElo "2045"]
[BlackElo "1602"]
[PlyCount "65"]
[EventDate "2018.10.21"]
[EventType "team-tourn"]
[EventRounds "11"]
[EventCountry "SVK"]
[SourceTitle "CBM 189 Extra"]
[Source "ChessBase"]
[SourceDate "2019.06.03"]
[SourceVersion "1"]
[SourceVersionDate "2019.06.03"]
[SourceQuality "1"]
[WhiteTeam "Chynorany"]
[BlackTeam "Dubnica nad Vahom IV"]
[WhiteTeamCountry "SVK"]
[BlackTeamCountry "SVK"]

1. c4 e6 2. g3 Nf6 3. Nf3 c6 4. Bg2 d5 5. d4 Be7 6. 0-0 0-0 7. Nbd2 Nbd7 8. Qc2 Re8 9. e4 dxe4 10. Nxe4 Nxe4 11. Qxe4 Nf6 12. Qc2 g6 13. Rd1 Qc7 14. Bf4 Bd6 15. Bg5 Be7 16. Rac1 Kg7 17. a3 Ng8 18. h4 Nf6 19. Ne5 Ng8 20. Bf4 Bd6 21. c5 Bxe5 22. Bxe5+ Qxe5 23. dxe5 Ne7 24. Qd2 Nd5 25. h5 Rf8 26. h6+ Kg8 27. Qg5 f6 28. exf6 Nxf6 29. Rd6 Nd5 30. Qe5 Nf6 31. Rcd1 b6 32. Rd8 Kf7 33. Rxf8+ 1-0

[Event "SVK-chT3B2 1718"]
[Site "Slovakia"]
[Date "2018.03.04"]
[Round "10.2"]
[White "Urbanic, Martin"]
[Black "Cernicky, Jan"]
[Result "1-0"]
[WhiteElo "1988"]
[BlackElo "1642"]
[PlyCount "55"]
[EventDate "2017.10.08"]
[EventType "team-tourn"]
[EventRounds "11"]
[EventCountry "SVK"]
[SourceTitle "EXT 2020"]
[Source "ChessBase"]
[SourceDate "2019.10.17"]
[SourceVersion "1"]
[SourceVersionDate "2019.10.17"]
[SourceQuality "1"]
[WhiteTeam "Povazska Bystrica Sparta II"]
[BlackTeam "Dubnica nad Vahom IV"]
[WhiteTeamCountry "SVK"]
[BlackTeamCountry "SVK"]

1. e4 c5 2. c4 Nc6 3. Nc3 Nf6 4. g3 g6 5. Bg2 Bg7 6. Nge2 0-0 7. 0-0 e5 8. d3 d6 9. f4 Bd7 10. h3 Qc8 11. g4 h5 12. g5 Ne8 13. Kh2 f5 14. exf5 Bxf5 15. Ng3 Nd4 16. Nd5 Qd7 17. Rb1 Rb8 18. Be3 Nc7 19. Bxd4 exd4 20. Nxf5 Rxf5 21. Be4 Rff8 22. Nxc7 Qxc7 23. Bxg6 d5 24. Qxh5 Rxf4 25. Bh7+ Kf8 26. Kg2 Ke7 27. Rbe1+ Kd8 28. Qe8# 1-0

[Event "SVK-chT3B2 1718"]
[Site "Slovakia"]
[Date "2017.10.22"]
[Round "2.2"]
[White "Cernicky, Jan"]
[Black "Sliva, Frantisek"]
[Result "1-0"]
[WhiteElo "1642"]
[BlackElo "1770"]
[PlyCount "163"]
[EventDate "2017.10.08"]
[EventType "team-tourn"]
[EventRounds "11"]
[EventCountry "SVK"]
[SourceTitle "EXT 2019"]
[Source "ChessBase"]
[SourceDate "2018.10.10"]
[SourceVersion "1"]
[SourceVersionDate "2018.10.10"]
[SourceQuality "1"]
[WhiteTeam "Dubnica nad Vahom IV"]
[BlackTeam "Dubnica nad Vahom III"]
[WhiteTeamCountry "SVK"]
[BlackTeamCountry "SVK"]

1. e4 c6 2. Nf3 e6 3. d4 d5 4. e5 Ne7 5. Bd3 Ng6 6. 0-0 Be7 7. a3 a5 8. b3 b5 9. Bd2 Nd7 10. Re1 0-0 11. Qc1 Ba6 12. c3 c5 13. Qb2 c4 14. Bc2 Nb6 15. b4 a4 16. Be3 Bc8 17. Qc1 Nd7 18. g3 f5 19. exf6 Rxf6 20. Kg2 Qf8 21. Qd1 Ra6 22. Bg5 Rf7 23. Bxe7 Nxe7 24. Re3 Nf5 25. Bxf5 Rxf5 26. Qe2 Nf6 27. Ne5 Ne4 28. Rf3 g6 29. g4 Rf4 30. Qe3 g5 31. Ra2 Ra7 32. Nd2 Nxd2 33. Rxd2 Qf6 34. Kg3 Rxf3+ 35. Nxf3 h6 36. Ne5 Re7 37. f4 Rg7 38. Rf2 Qe7 39. Qf3 gxf4+ 40. Qxf4 h5 41. h3 Bd7 42. Qf6 Qe8 43. Qh6 Rh7 44. Qg5+ Rg7 45. Qf6 hxg4 46. hxg4 Qe7 47. Qxe7 Rxe7 48. Rf6 Be8 49. g5 Kg7 50. Kg4 Kg8 51. Rh6 Kg7 52. Rf6 Kg8 53. g6 Kg7 54. Kg5 Bd7 55. Nxd7 Rxd7 56. Rxe6 Rd8 57. Kf5 Rf8+ 58. Ke5 Rf3 59. Kxd5 Rxc3 60. Kc5 Rxa3 61. Kxb5 c3 62. Rc6 c2 63. Rxc2 Rd3 64. Kxa4 Rxd4 65. Rc6 Rd8 66. b5 Ra8+ 67. Kb4 Ra1 68. b6 Rb1+ 69. Ka5 Ra1+ 70. Kb5 Rb1+ 71. Ka6 Ra1+ 72. Kb7 Re1 73. Kb8 Re8+ 74. Kb7 Re5 75. Ka7 Ra5+ 76. Kb8 Rd5 77. b7 Rd8+ 78. Ka7 Rd7 79. Ka8 Rd2 80. b8Q Ra2+ 81. Kb7 Rb2+ 82. Kc8 1-0

[Event "SVK-chT3B2 1617"]
[Site "Slovakia"]
[Date "2017.03.05"]
[Round "9.2"]
[White "Kutny, Marian"]
[Black "Cernicky, Jan"]
[Result "1-0"]
[WhiteElo "1926"]
[BlackElo "1640"]
[PlyCount "47"]
[EventDate "2016.10.16"]
[EventType "team-tourn"]
[EventRounds "11"]
[EventCountry "SVK"]
[SourceTitle "EXT 2020"]
[Source "ChessBase"]
[SourceDate "2019.10.17"]
[SourceVersion "1"]
[SourceVersionDate "2019.10.17"]
[SourceQuality "1"]
[WhiteTeam "Belusa"]
[BlackTeam "Dubnica nad Vahom IV"]
[WhiteTeamCountry "SVK"]
[BlackTeamCountry "SVK"]

1. e4 d5 2. exd5 Qxd5 3. Nc3 Qd8 4. Nf3 Nf6 5. d4 g6 6. Bc4 Bg7 7. 0-0 0-0 8. Re1 Nc6 9. h3 Na5 10. Bd3 b6 11. Qe2 e6 12. Ne4 Nxe4 13. Bxe4 Bb7 14. Bg5 Qc8 15. Rad1 Bxe4 16. Qxe4 Re8 17. b3 c6 18. Rd3 Qd7 19. c4 Nb7 20. Ne5 Bxe5 21. dxe5 Qc7 22. Bf6 Nc5 23. Qh4 Nxd3 24. Qh6 1-0

[Event "SVK-chT3B2 1617"]
[Site "Slovakia"]
[Date "2017.01.29"]
[Round "7.2"]
[White "Cernicky, Jan"]
[Black "Alexy, Peter"]
[Result "0-1"]
[WhiteElo "1640"]
[BlackElo "1953"]
[PlyCount "92"]
[EventDate "2016.10.16"]
[EventType "team-tourn"]
[EventRounds "11"]
[EventCountry "SVK"]
[SourceTitle "EXT 2018"]
[Source "ChessBase"]
[SourceDate "2017.10.13"]
[SourceVersion "1"]
[SourceVersionDate "2017.10.13"]
[SourceQuality "1"]
[WhiteTeam "Dubnica nad Vahom IV"]
[BlackTeam "Chynorany"]
[WhiteTeamCountry "SVK"]
[BlackTeamCountry "SVK"]

1. d4 Nf6 2. c4 g6 3. Nc3 Bg7 4. Bf4 d6 5. e3 0-0 6. Bd3 Nc6 7. Nge2 h6 8. Qd2 e5 9. Bg3 Nh5 10. d5 Nb4 11. Bb1 a5 12. a3 Na6 13. Bc2 Bd7 14. 0-0 f5 15. f3 Nxg3 16. Nxg3 h5 17. Nge2 Qe8 18. Rab1 a4 19. e4 f4 20. Qd1 Nc5 21. h3 Bf6 22. Kh2 Kf7 23. Kg1 Bh4 24. Kh2 Qc8 25. Rg1 Ke7 26. Qf1 Rf6 27. Bd1 g5 28. g3 fxg3+ 29. Nxg3 Qh8 30. Qe2 Raf8 31. Rg2 Rf4 32. Qd2 Nb3 33. Bxb3 axb3 34. Rf1 g4 35. Rgf2 Bxg3+ 36. Kxg3 h4+ 37. Kg2 gxf3+ 38. Kh2 Qh5 39. Rg1 R8f7 40. Qd1 Qh6 41. Qe1 Qf6 42. Qd1 Bc8 43. Qxb3 Rg7 44. Qd1 Rg3 45. Rxg3 hxg3+ 46. Kxg3 Qh4+ 0-1

[Event "SVK-chT3B2 1617"]
[Site "Slovakia"]
[Date "2016.12.18"]
[Round "5.2"]
[White "Cernicky, Jan"]
[Black "Krcmar, Milan"]
[Result "0-1"]
[WhiteElo "1640"]
[BlackElo "1930"]
[PlyCount "65"]
[EventDate "2016.10.16"]
[EventType "team-tourn"]
[EventRounds "11"]
[EventCountry "SVK"]
[SourceTitle "EXT 2018"]
[Source "ChessBase"]
[SourceDate "2017.10.13"]
[SourceVersion "1"]
[SourceVersionDate "2017.10.13"]
[SourceQuality "1"]
[WhiteTeam "Dubnica nad Vahom IV"]
[BlackTeam "Nemsova Horne Srnie"]
[WhiteTeamCountry "SVK"]
[BlackTeamCountry "SVK"]

1. d4 d6 2. c4 e5 3. dxe5 dxe5 4. Qxd8+ Kxd8 5. Nc3 Be6 6. e4 Nc6 7. Nf3 f6 8. Be2 Bb4 9. Bd2 Nd4 10. Nxd4 exd4 11. Nd5 Bxd2+ 12. Kxd2 c5 13. a3 Ne7 14. b4 b6 15. bxc5 bxc5 16. Rhb1 Bd7 17. Rb7 Bc6 18. Rxe7 Bxd5 19. Rxg7 Bxe4 20. f3 Bg6 21. Bd3 Rb8 22. Bxg6 hxg6 23. Ra2 Rxh2 24. Rxg6 Rb3 25. Ke2 Ke7 26. Kf2 Rc3 27. Rg7+ Kd6 28. Rxa7 Rh5 29. a4 Re5 30. a5 d3 31. Ra8 Rc2+ 32. Rxc2 dxc2 33. Rd8+ 0-1

[Event "SVK-chT3B2 1516"]
[Site "Slovakia"]
[Date "2015.11.15"]
[Round "2.2"]
[White "Jakubec, Milan"]
[Black "Cernicky, Jan"]
[Result "1-0"]
[WhiteElo "2054"]
[BlackElo "1489"]
[PlyCount "67"]
[EventDate "2015.10.11"]
[EventType "team-tourn"]
[EventRounds "11"]
[EventCountry "SVK"]
[SourceTitle "CBM 170 Extra"]
[Source "ChessBase"]
[SourceDate "2016.02.25"]
[SourceVersion "1"]
[SourceVersionDate "2016.02.25"]
[SourceQuality "1"]
[WhiteTeam "Myjava Spartak"]
[BlackTeam "Dubnica nad Vahom IV"]
[WhiteTeamCountry "SVK"]
[BlackTeamCountry "SVK"]

1. e4 e6 2. d4 d5 3. exd5 Qxd5 4. Nf3 Nf6 5. c4 Qd8 6. Nc3 Be7 7. Bf4 0-0 8. Be2 c6 9. 0-0 Bd6 10. Ne5 Nbd7 11. Nxf7 Rxf7 12. Bxd6 Ne8 13. Bg3 Ndf6 14. Qd3 Qd7 15. Rad1 b6 16. Bf3 Bb7 17. Rfe1 Qc8 18. Qe3 Re7 19. d5 cxd5 20. cxd5 Kh8 21. d6 Bxf3 22. gxf3 Rd7 23. Qxe6 Qc6 24. Nd5 h6 25. Ne7 Qxf3 26. Ng6+ Kh7 27. Nf8+ Kh8 28. Nxd7 Ng4 29. Qe4 Qxe4 30. Rxe4 Nef6 31. Nxf6 Nxf6 32. Re7 Kg8 33. d7 Kf8 34. Re6 1-0

[Event "SVK-chT3B2 1415"]
[Site "Slovakia"]
[Date "2014.10.05"]
[Round "1.3"]
[White "Flak, Lubomir"]
[Black "Cernicky, Jan"]
[Result "1-0"]
[WhiteElo "1687"]
[BlackElo "1558"]
[PlyCount "111"]
[EventDate "2014.10.05"]
[EventType "team-tourn"]
[EventRounds "14"]
[EventCountry "SVK"]
[SourceTitle "EXT 2019"]
[Source "ChessBase"]
[SourceDate "2018.10.10"]
[SourceVersion "1"]
[SourceVersionDate "2018.10.10"]
[SourceQuality "1"]

1. d4 Nf6 2. c4 g6 3. Nc3 d5 4. cxd5 Nxd5 5. e4 Nf6 6. Nf3 Bg7 7. h3 0-0 8. Bc4 Nbd7 9. 0-0 a6 10. e5 Ne8 11. e6 fxe6 12. Bxe6+ Kh8 13. Ng5 Nd6 14. Qd3 Nb6 15. Be3 Rf6 16. d5 h6 17. Bxc8 Qxc8 18. Ne6 c6 19. Nxg7 Kxg7 20. Bxb6 Qf5 21. Qxf5 Rxf5 22. Rfe1 Re8 23. Rad1 Kf7 24. Re2 Nc4 25. g4 Rf6 26. Bd4 Rd6 27. b3 Na3 28. Bc5 Rxd5 29. Rxd5 cxd5 30. Bxa3 e6 31. Bb2 d4 32. Ne4 d3 33. Nd6+ Ke7 34. Nxe8 dxe2 35. Bc3 Kxe8 36. f3 h5 37. Kf2 e1R 38. Kxe1 Kd7 39. Kd2 Kd6 40. Kd3 Kd5 41. a4 b5 42. axb5 axb5 43. Bd4 e5 44. Be3 e4+ 45. fxe4+ Ke5 46. Bg5 hxg4 47. hxg4 Ke6 48. Kd4 Kd6 49. e5+ Ke6 50. Ke4 Kd7 51. Kd5 b4 52. e6+ Kc7 53. Be7 g5 54. Ke5 Kc6 55. Kf6 Kc7 56. Kf7 1-0